MARC details
| 000 -CABECERA |
| campo de control de longitud fija |
00910nam a2200277 a 4500 |
| 003 - IDENTIFICADOR DEL NÚMERO DE CONTROL |
| campo de control |
MX-MxUPN |
| 005 - FECHA Y HORA DE LA ÚLTIMA TRANSACCIÓN |
| campo de control |
20241001063902.0 |
| 008 - ELEMENTOS DE LONGITUD FIJA--INFORMACIÓN GENERAL |
| campo de control de longitud fija |
991125s1924 mx gr 000 0 spa d |
| 035 ## - NÚMERO DE CONTROL DEL SISTEMA |
| Número de control de sistema |
UPN01000035871 |
| 040 ## - FUENTE DE LA CATALOGACIÓN |
| Centro catalogador/agencia de origen |
MX-MxUPN |
| Lengua de catalogación |
spa |
| Centro/agencia transcriptor |
MX-MxUPN |
| 041 ## - CÓDIGO DE IDIOMA |
| Código de lengua del texto/banda sonora o título independiente |
spa |
| 050 #4 - SIGNATURA TOPOGRÁFICA DE LA BIBLIOTECA DEL CONGRESO |
| Número de clasificación |
PK1723 |
| Número de documento/Ítem |
L8.6 |
| 100 1# - ASIENTO PRINCIPAL--NOMBRE PERSONAL |
| Nombre de persona |
Tagore, Rabindranath, |
| Fechas asociadas al nombre |
1861-1941 |
| 9 (RLIN) |
43006 |
| 245 13 - MENCIÓN DE TÍTULO |
| Título |
La luna nueva ; |
| Resto del título |
Nacionalismo ; Personalidad ; Sadhana |
| 260 ## - PUBLICACIÓN, DISTRIBUCIÓN, ETC. |
| Lugar de publicación, distribución, etc. |
[México] : |
| Nombre del editor, distribuidor, etc. |
Universidad Nacional de México, |
| Fecha de publicación, distribución, etc. |
1924. |
| 300 ## - DESCRIPCIÓN FÍSICA |
| Extensión |
456 páginas |
| 650 #0 - ASIENTO SECUNDARIO DE MATERIA - TERMINO TEMATICO |
| Término de materia o nombre geográfico como elemento de entrada |
Literatura índica |
| 9 (RLIN) |
12715 |
| 710 2# - ASIENTO SECUNDARIO - NOMBRE CORPORATIVO |
| 9 (RLIN) |
28505 |
| Nombre de entidad corporativa o nombre de jurisdicción como elemento de entrada |
Instituto Federal de Capacitación del Magisterio (México) |
| Término indicativo de función/relación |
propietario anterior |
| 710 2# - ASIENTO SECUNDARIO - NOMBRE CORPORATIVO |
| Nombre de entidad corporativa o nombre de jurisdicción como elemento de entrada |
Instituto Nacional de Pedagogía (México) |
| Término indicativo de función/relación |
propietario anterior |
| 9 (RLIN) |
28088 |
| 740 02 - ASIENTO SECUNDARIO - TÍTULOS RELACIONADOS /ANALITICOS NO CONTROLADOS |
| Título relacionado o analítico no controlado |
Sadhana |
| 740 02 - ASIENTO SECUNDARIO - TÍTULOS RELACIONADOS /ANALITICOS NO CONTROLADOS |
| Título relacionado o analítico no controlado |
Personalidad |
| 740 02 - ASIENTO SECUNDARIO - TÍTULOS RELACIONADOS /ANALITICOS NO CONTROLADOS |
| Título relacionado o analítico no controlado |
Nacionalismo |
| 902 ## - ELEMENTOS DE DATOS B LOCAL, LDB (RLIN) |
| Modificó |
MaríaRobles/200824 |
| 905 ## - TIPO DE MATERIAL |
| Tipo de material |
Libro |
| 942 ## - ELEMENTOS DE PUNTO DE ACCESO ADICIONAL (KOHA) |
| Fuente del sistema de clasificación o colocación |
Library of Congress Classification |
| Tipo de ítem Koha |
Libro |
| Suprimir en OPAC |
No |